| 000 | 00501nam a2200169 i 4500 | ||
|---|---|---|---|
| 001 | 80557 | ||
| 003 | ES-MaACL | ||
| 005 | 20230906174237.0 | ||
| 007 | t| | ||
| 008 | 041028s1967 sp ||||1| spa d | ||
| 100 | 1 |
_aHoerler de Carbonell, Elsa. _963923 |
|
| 245 | 1 | 0 |
_aLiberalismo y capitalismo / _cElsa Hoerler de Carbonell. |
| 250 | _a[1ª ed.]. | ||
| 260 |
_aBarcelona : _bInstituto Católico de Estudios Sociales, _c[1967] |
||
| 300 |
_a174 p. ; _c19 cm. |
||
| 852 |
_aES-MaACL _jC-33544 _bR.64079 |
||
| 999 |
_c80557 _d80557 |
||